00189nam a2200073Ia 4500008004100000082000800041100001900049245004700068240331s9999 xx 000 0 und d bNEW aMcHenry, R. ed 4aThe new encyclopaedia Britannica :bvol.24